[Event "1st 4NCL Easter Congress"]
[Site "Stevenage"]
[Date "2019.04.21"]
[Round "5"]
[Board "1"]
[White "Harvey, Marcus R"]
[Black "Hebden, Mark L"]
[Result "1-0"]
[WhiteElo "2402"]
[BlackElo "2420"]
[PlyCount "0"]
[EventDate "2019.04.19"]
[EventRounds "7"]
[EventCountry "ENG"]

1. Nf3 {[%clk 01:21:57]} {[%emt 00:09:02]} Nf6 {[%clk 01:30:48]} {[%emt
00:00:11]} 2. b3 {[%clk 01:22:23]} {[%emt 00:00:05]} g6 {[%clk 01:30:54]}
{[%emt 00:00:24]} 3. Bb2 {[%clk 01:22:51]} {[%emt 00:00:03]} Bg7 {[%clk
01:31:11]} {[%emt 00:00:12]} 4. e3 {[%clk 01:23:20]} {[%emt 00:00:02]} O-O
{[%clk 01:31:29]} {[%emt 00:00:10]} 5. Be2 {[%clk 01:23:48]} {[%emt 00:00:03]}
c5 {[%clk 01:31:21]} {[%emt 00:00:38]} 6. c4 {[%clk 01:24:01]} {[%emt
00:00:18]} d5 {[%clk 01:31:19]} {[%emt 00:00:31]} 7. cxd5 {[%clk 01:24:26]}
{[%emt 00:00:05]} Qxd5 {[%clk 01:30:50]} {[%emt 00:00:59]} 8. Nc3 {[%clk
01:24:40]} {[%emt 00:00:17]} Qf5 {[%clk 01:30:55]} {[%emt 00:00:24]} 9. d4
{[%clk 01:24:43]} {[%emt 00:00:27]} Nc6 {[%clk 01:27:32]} {[%emt 00:03:53]} 10.
dxc5 {[%clk 01:13:15]} {[%emt 00:11:59]} Qxc5 {[%clk 01:21:13]} {[%emt
00:06:49]} 11. Na4 {[%clk 01:12:46]} {[%emt 00:01:00]} Qa5+ {[%clk 01:19:08]}
{[%emt 00:02:34]} 12. Bc3 {[%clk 01:12:33]} {[%emt 00:00:43]} Qf5 {[%clk
01:16:41]} {[%emt 00:02:57]} 13. Bd3 {[%clk 01:05:26]} {[%emt 00:07:38]} Qh5
{[%clk 01:16:09]} {[%emt 00:01:01]} 14. Nd4 {[%clk 01:05:12]} {[%emt 00:00:45]}
Bg4 {[%clk 01:12:22]} {[%emt 00:04:17]} 15. Be2 {[%clk 01:02:22]} {[%emt
00:03:20]} Nxd4 {[%clk 01:11:04]} {[%emt 00:01:48]} 16. Bxd4 {[%clk 00:54:49]}
{[%emt 00:08:04]} Rfd8 {[%clk 01:09:31]} {[%emt 00:02:01]} 17. f3 {[%clk
00:54:30]} {[%emt 00:00:50]} Qa5+ {[%clk 01:06:04]} {[%emt 00:03:57]} 18. Kf2
{[%clk 00:53:41]} {[%emt 00:01:20]} b5 {[%clk 01:01:43]} {[%emt 00:04:51]} 19.
Nc5 {[%clk 00:46:01]} {[%emt 00:08:10]} Rd5 {[%clk 00:31:19]} {[%emt 00:30:53]}
20. b4 {[%clk 00:41:28]} {[%emt 00:05:04]} Qxb4 {[%clk 00:27:27]} {[%emt
00:04:22]} 21. Rb1 {[%clk 00:41:35]} {[%emt 00:00:22]} Qa3 {[%clk 00:27:25]}
{[%emt 00:00:32]} 22. Qc1 {[%clk 00:41:02]} {[%emt 00:01:03]} Qxc1 {[%clk
00:24:44]} {[%emt 00:03:11]} 23. Rhxc1 {[%clk 00:39:39]} Bd7 {[%clk 00:15:04]}
{[%emt 00:12:03]} 24. Nxd7 {[%clk 00:39:57]} {[%emt 00:00:12]} Nxd7 {[%clk
00:14:56]} {[%emt 00:00:38]} 25. Rxb5 {[%clk 00:37:32]} {[%emt 00:02:55]} Rxb5
{[%clk 00:14:52]} {[%emt 00:00:35]} 26. Bxb5 {[%clk 00:37:57]} {[%emt
00:00:05]} Bxd4 {[%clk 00:15:05]} {[%emt 00:00:17]} 27. exd4 {[%clk 00:38:23]}
{[%emt 00:00:04]} Nf6 {[%clk 00:14:37]} {[%emt 00:00:58]} 28. Rc7 {[%clk
00:38:44]} {[%emt 00:00:09]} a6 {[%clk 00:14:19]} {[%emt 00:00:48]} 29. Bc4
{[%clk 00:38:47]} {[%emt 00:00:28]} e6 {[%clk 00:14:40]} {[%emt 00:00:09]} 30.
Rc6 {[%clk 00:37:21]} {[%emt 00:01:57]} a5 {[%clk 00:14:49]} {[%emt 00:00:20]}
31. Rc5 {[%clk 00:35:54]} {[%emt 00:01:57]} Ra7 {[%clk 00:15:00]} {[%emt
00:00:19]} 32. a4 {[%clk 00:35:38]} {[%emt 00:00:46]} h5 {[%clk 00:15:20]}
{[%emt 00:00:09]} 33. d5 {[%clk 00:35:15]} {[%emt 00:00:53]} exd5 {[%clk
00:14:38]} {[%emt 00:01:12]} 34. Bxd5 {[%clk 00:35:40]} {[%emt 00:00:05]} Kf8
{[%clk 00:14:52]} {[%emt 00:00:16]} 35. Bc4 {[%clk 00:35:37]} {[%emt 00:00:33]}
Ke7 {[%clk 00:15:15]} {[%emt 00:00:07]} 36. Ke3 {[%clk 00:35:26]} {[%emt
00:00:42]} Ne8 {[%clk 00:14:39]} {[%emt 00:01:05]} 37. Re5+ {[%clk 00:34:32]}
{[%emt 00:01:24]} Kf8 {[%clk 00:14:35]} {[%emt 00:00:34]} 38. Kd4 {[%clk
00:34:32]} {[%emt 00:00:30]} Nd6 {[%clk 00:14:59]} {[%emt 00:00:06]} 39. Bd3
{[%clk 00:32:54]} {[%emt 00:02:08]} Rd7 {[%clk 00:11:37]} {[%emt 00:03:52]} 40.
Rxa5 {[%clk 00:32:08]} {[%emt 00:01:16]} Nf5+ {[%clk 00:11:57]} {[%emt
00:00:10]} 41. Kc3 {[%clk 00:31:20]} {[%emt 00:01:18]} Ne3 {[%clk 00:10:48]}
{[%emt 00:01:39]} 42. Be4 {[%clk 00:29:55]} {[%emt 00:01:55]} Nxg2 {[%clk
00:10:11]} {[%emt 00:01:07]} 43. Rd5 {[%clk 00:29:58]} {[%emt 00:00:27]} Ra7
{[%clk 00:10:11]} {[%emt 00:00:30]} 44. Kb4 {[%clk 00:30:12]} {[%emt 00:00:16]}
f5 {[%clk 00:10:24]} {[%emt 00:00:17]} 45. Bxf5 {[%clk 00:28:54]} {[%emt
00:01:49]} gxf5 {[%clk 00:08:41]} {[%emt 00:02:13]} 46. Rxf5+ {[%clk 00:29:19]}
{[%emt 00:00:05]} Ke7 {[%clk 00:09:09]} {[%emt 00:00:03]} 47. Rg5 {[%clk
00:29:32]} {[%emt 00:00:17]} Rb7+ {[%clk 00:09:20]} {[%emt 00:00:19]} 48. Ka3
{[%clk 00:29:56]} {[%emt 00:00:06]} Rd7 {[%clk 00:09:41]} {[%emt 00:00:08]} 49.
Rxg2 {[%clk 00:30:00]} {[%emt 00:00:26]} Rd3+ {[%clk 00:10:10]} {[%emt
00:00:01]} 50. Kb4 {[%clk 00:29:59]} {[%emt 00:00:30]} Rxf3 {[%clk 00:10:31]}
{[%emt 00:00:09]} 51. Rd2 {[%clk 00:30:07]} {[%emt 00:00:22]} Rf8 {[%clk
00:08:45]} {[%emt 00:02:16]} 52. a5 {[%clk 00:29:14]} {[%emt 00:01:24]} Rf1
{[%clk 00:06:34]} {[%emt 00:02:41]} 53. Ra2 {[%clk 00:27:58]} {[%emt 00:01:46]}
Rb1+ {[%clk 00:05:09]} {[%emt 00:01:55]} 54. Kc5 {[%clk 00:27:57]} {[%emt
00:00:31]} Rc1+ {[%clk 00:05:24]} {[%emt 00:00:15]} 55. Kd5 {[%clk 00:27:20]}
{[%emt 00:01:07]} Kd7 {[%clk 00:04:55]} {[%emt 00:00:59]} 56. a6 {[%clk
00:27:38]} {[%emt 00:00:12]} Rc8 {[%clk 00:05:06]} {[%emt 00:00:19]} 57. h4
{[%clk 00:27:32]} {[%emt 00:00:36]} Ra8 {[%clk 00:05:06]} {[%emt 00:00:30]} 58.
a7 {[%clk 00:27:55]} {[%emt 00:00:07]} Kc7 {[%clk 00:05:30]} {[%emt 00:00:06]}
59. Ke6 {[%clk 00:28:23]} {[%emt 00:00:02]} Kb7 {[%clk 00:05:14]} {[%emt
00:00:45]} 60. Kf7 {[%clk 00:28:49]} {[%emt 00:00:04]} Kb6 {[%clk 00:05:02]}
{[%emt 00:00:42]} 61. Kg6 {[%clk 00:29:12]} {[%emt 00:00:07]} Kb7 {[%clk
00:05:14]} {[%emt 00:00:18]} 62. Kxh5 {[%clk 00:29:38]} {[%emt 00:00:04]} Rh8+
{[%clk 00:05:20]} {[%emt 00:00:23]} 63. Kg6 {[%clk 00:29:58]} {[%emt 00:00:11]}
Ka8 {[%clk 00:05:45]} {[%emt 00:00:06]} 64. h5 {[%clk 00:30:25]} {[%emt
00:00:02]} Rg8+ {[%clk 00:06:05]} {[%emt 00:00:10]} 65. Kh7 {[%clk 00:29:57]}
{[%emt 00:00:58]} Rc8 {[%clk 00:05:55]} {[%emt 00:00:40]} 66. Ra6 {[%clk
00:30:11]} {[%emt 00:00:16]}  1-0

[Event "1st 4NCL Easter Congress"]
[Site "Stevenage"]
[Date "2019.04.21"]
[Round "5"]
[Board "2"]
[White "Gormally, Daniel W"]
[Black "Isaakidis, Alexandros"]
[Result "1/2-1/2"]
[WhiteElo "2509"]
[BlackElo "2173"]
[PlyCount "0"]
[EventDate "2019.04.19"]
[EventRounds "7"]
[EventCountry "ENG"]

1. d4 {[%clk 01:30:26]} {[%emt 00:00:34]} Nf6 {[%clk 01:28:24]} {[%emt
00:02:37]} 2. Nf3 {[%clk 01:30:27]} {[%emt 00:00:28]} e6 {[%clk 01:28:30]}
{[%emt 00:00:23]} 3. c4 {[%clk 01:30:43]} {[%emt 00:00:14]} Bb4+ {[%clk
01:28:47]} {[%emt 00:00:13]} 4. Nbd2 {[%clk 01:30:34]} {[%emt 00:00:39]} b6
{[%clk 01:28:44]} {[%emt 00:00:32]} 5. g3 {[%clk 01:28:40]} {[%emt 00:02:25]}
Bb7 {[%clk 01:28:17]} {[%emt 00:00:58]} 6. Bg2 {[%clk 01:28:58]} {[%emt
00:00:12]} O-O {[%clk 01:28:00]} {[%emt 00:00:46]} 7. O-O {[%clk 01:29:20]}
{[%emt 00:00:09]} a5 {[%clk 01:26:37]} {[%emt 00:01:53]} 8. Nb1 {[%clk
01:28:18]} {[%emt 00:01:32]} Be7 {[%clk 01:24:20]} {[%emt 00:02:46]} 9. Re1
{[%clk 01:28:10]} {[%emt 00:00:38]} d5 {[%clk 01:23:45]} {[%emt 00:01:05]} 10.
cxd5 {[%clk 01:28:36]} {[%emt 00:00:05]} exd5 {[%clk 01:24:07]} {[%emt
00:00:08]} 11. Nc3 {[%clk 01:28:56]} {[%emt 00:00:11]} Nbd7 {[%clk 01:23:48]}
{[%emt 00:00:48]} 12. Bf4 {[%clk 01:27:27]} {[%emt 00:01:59]} Bb4 {[%clk
01:18:02]} {[%emt 00:06:16]} 13. Rc1 {[%clk 01:27:01]} {[%emt 00:00:56]} c5
{[%clk 01:15:58]} {[%emt 00:02:33]} 14. a3 {[%clk 01:22:41]} {[%emt 00:04:50]}
Bxc3 {[%clk 01:15:55]} {[%emt 00:00:34]} 15. bxc3 {[%clk 01:23:05]} {[%emt
00:00:06]} Ne4 {[%clk 01:11:29]} {[%emt 00:04:56]} 16. c4 {[%clk 01:22:42]}
{[%emt 00:00:53]} dxc4 {[%clk 01:07:20]} {[%emt 00:04:39]} 17. Rxc4 {[%clk
01:17:19]} {[%emt 00:05:53]} b5 {[%clk 01:05:47]} {[%emt 00:02:02]} 18. Rc1
{[%clk 01:17:39]} {[%emt 00:00:10]} c4 {[%clk 01:01:19]} {[%emt 00:04:58]} 19.
a4 {[%clk 01:14:31]} {[%emt 00:03:39]} b4 {[%clk 00:46:39]} {[%emt 00:15:09]}
20. Rxc4 {[%clk 01:10:14]} {[%emt 00:04:47]} Nc3 {[%clk 00:46:40]} {[%emt
00:00:29]} 21. Qa1 {[%clk 01:04:31]} {[%emt 00:06:13]} Nb6 {[%clk 00:44:05]}
{[%emt 00:03:05]} 22. Rxc3 {[%clk 01:03:08]} {[%emt 00:01:54]} bxc3 {[%clk
00:44:20]} {[%emt 00:00:15]} 23. Qxc3 {[%clk 01:03:33]} {[%emt 00:00:05]} Nd5
{[%clk 00:41:29]} {[%emt 00:03:21]} 24. Qb3 {[%clk 01:01:17]} {[%emt 00:02:45]}
Nxf4 {[%clk 00:40:43]} {[%emt 00:01:16]} 25. Qxb7 {[%clk 01:01:44]} {[%emt
00:00:04]} Rb8 {[%clk 00:40:27]} {[%emt 00:00:46]} 26. Qc6 {[%clk 01:01:43]}
{[%emt 00:00:30]} Rb6 {[%clk 00:39:42]} {[%emt 00:01:14]} 27. Qc2 {[%clk
01:00:53]} {[%emt 00:01:19]} Nxg2 {[%clk 00:29:52]} {[%emt 00:10:22]} 28. Kxg2
{[%clk 01:01:17]} {[%emt 00:00:05]} Qd7 {[%clk 00:29:59]} {[%emt 00:00:23]} 29.
Qc5 {[%clk 01:01:22]} {[%emt 00:00:26]} Ra6 {[%clk 00:26:38]} {[%emt 00:03:50]}
30. Qc4 {[%clk 01:01:44]} {[%emt 00:00:08]} Rb6 {[%clk 00:24:52]} {[%emt
00:02:16]} 31. Qc2 {[%clk 00:58:59]} {[%emt 00:02:43]}  1/2-1/2

[Event "1st 4NCL Easter Congress"]
[Site "Stevenage"]
[Date "2019.04.21"]
[Round "5"]
[Board "3"]
[White "Wells, Peter K"]
[Black "Willow, Jonah B"]
[Result "1/2-1/2"]
[WhiteElo "2416"]
[BlackElo "2302"]
[PlyCount "0"]
[EventDate "2019.04.19"]
[EventRounds "7"]
[EventCountry "ENG"]

1. d4 {[%clk 01:19:25]} {[%emt 00:11:34]} Nf6 {[%clk 01:30:48]} {[%emt
00:00:13]} 2. Nf3 {[%clk 01:19:27]} {[%emt 00:00:28]} e6 {[%clk 01:31:04]}
{[%emt 00:00:14]} 3. c4 {[%clk 01:19:26]} {[%emt 00:00:30]} c5 {[%clk
01:31:08]} {[%emt 00:00:27]} 4. Nc3 {[%clk 01:19:28]} {[%emt 00:00:27]} cxd4
{[%clk 01:31:20]} {[%emt 00:00:19]} 5. Nxd4 {[%clk 01:19:53]} {[%emt 00:00:04]}
Nc6 {[%clk 01:31:45]} {[%emt 00:00:06]} 6. g3 {[%clk 01:19:28]} {[%emt
00:00:54]} Qb6 {[%clk 01:32:07]} {[%emt 00:00:08]} 7. Ndb5 {[%clk 01:17:42]}
{[%emt 00:02:16]} Ne5 {[%clk 01:32:28]} {[%emt 00:00:10]} 8. Bg2 {[%clk
01:15:25]} {[%emt 00:02:46]} a6 {[%clk 01:32:35]} {[%emt 00:00:25]} 9. Na3
{[%clk 01:14:02]} {[%emt 00:01:53]} Be7 {[%clk 01:23:43]} {[%emt 00:09:22]} 10.
O-O {[%clk 00:58:19]} {[%emt 00:16:13]} O-O {[%clk 01:23:37]} {[%emt 00:00:37]}
11. Na4 {[%clk 00:45:52]} {[%emt 00:12:57]} Qc7 {[%clk 01:20:23]} {[%emt
00:03:43]} 12. Bf4 {[%clk 00:28:21]} {[%emt 00:18:01]} d6 {[%clk 01:08:16]}
{[%emt 00:12:37]} 13. c5 {[%clk 00:26:37]} {[%emt 00:02:14]} dxc5 {[%clk
00:56:11]} {[%emt 00:12:35]} 14. Nc4 {[%clk 00:23:33]} {[%emt 00:03:33]} Nfd7
{[%clk 00:56:13]} {[%emt 00:00:28]} 15. Nab6 {[%clk 00:16:03]} {[%emt
00:08:00]} Nxb6 {[%clk 00:56:18]} {[%emt 00:00:25]} 16. Bxe5 {[%clk 00:16:29]}
{[%emt 00:00:05]} Qd8 {[%clk 00:56:36]} {[%emt 00:00:11]} 17. Qxd8 {[%clk
00:16:11]} {[%emt 00:00:48]} Bxd8 {[%clk 00:56:52]} {[%emt 00:00:14]} 18. Nxb6
{[%clk 00:15:06]} {[%emt 00:01:35]} Bxb6 {[%clk 00:57:17]} {[%emt 00:00:04]} 19.
Rfc1 {[%clk 00:14:51]} {[%emt 00:00:45]} Rd8 {[%clk 00:55:07]} {[%emt
00:02:40]} 20. a4 {[%clk 00:14:00]} {[%emt 00:01:21]} Ba7 {[%clk 00:42:59]}
{[%emt 00:12:38]} 21. Rd1 {[%clk 00:07:46]} {[%emt 00:06:44]} Rxd1+ {[%clk
00:36:07]} {[%emt 00:07:21]} 22. Rxd1 {[%clk 00:08:07]} {[%emt 00:00:09]} Bb6
{[%clk 00:36:32]} {[%emt 00:00:06]} 23. Bd6 {[%clk 00:06:22]} {[%emt 00:02:15]}
 1/2-1/2

[Event "1st 4NCL Easter Congress"]
[Site "Stevenage"]
[Date "2019.04.21"]
[Round "5"]
[Board "4"]
[White "Miller, Dominic"]
[Black "Buckley, Graeme N"]
[Result "1-0"]
[WhiteElo "2164"]
[BlackElo "2332"]
[PlyCount "0"]
[EventDate "2019.04.19"]
[EventRounds "7"]
[EventCountry "ENG"]

1. e4 {[%clk 01:30:57]} {[%emt 00:00:02]} c5 {[%clk 01:30:58]} {[%emt
00:00:02]} 2. Nf3 {[%clk 01:31:18]} {[%emt 00:00:09]} Nc6 {[%clk 01:31:26]}
{[%emt 00:00:02]} 3. d4 {[%clk 01:31:42]} {[%emt 00:00:06]} cxd4 {[%clk
01:31:54]} {[%emt 00:00:02]} 4. Nxd4 {[%clk 01:32:06]} {[%emt 00:00:05]} Nf6
{[%clk 01:32:22]} {[%emt 00:00:02]} 5. Nc3 {[%clk 01:32:31]} {[%emt 00:00:05]}
d6 {[%clk 01:32:50]} {[%emt 00:00:02]} 6. Bg5 {[%clk 01:32:33]} {[%emt
00:00:27]} e6 {[%clk 01:33:16]} {[%emt 00:00:04]} 7. Qd2 {[%clk 01:32:56]}
{[%emt 00:00:07]} a6 {[%clk 01:33:15]} {[%emt 00:00:32]} 8. O-O-O {[%clk
01:33:18]} {[%emt 00:00:06]} Qb6 {[%clk 01:33:40]} {[%emt 00:00:06]} 9. Bxf6
{[%clk 01:31:09]} {[%emt 00:02:39]} gxf6 {[%clk 01:34:05]} {[%emt 00:00:05]} 10.
Nb3 {[%clk 01:31:35]} {[%emt 00:00:05]} h5 {[%clk 01:32:37]} {[%emt 00:01:58]}
11. f4 {[%clk 01:31:13]} {[%emt 00:00:51]} Bd7 {[%clk 01:32:24]} {[%emt
00:00:44]} 12. Be2 {[%clk 01:30:09]} {[%emt 00:01:32]} O-O-O {[%clk 01:32:11]}
{[%emt 00:00:45]} 13. Rhf1 {[%clk 01:30:19]} {[%emt 00:00:20]} Kb8 {[%clk
01:31:29]} {[%emt 00:01:12]} 14. Kb1 {[%clk 01:29:12]} {[%emt 00:01:37]} Qc7
{[%clk 01:21:02]} {[%emt 00:10:57]} 15. Rf3 {[%clk 01:26:21]} {[%emt 00:03:20]}
h4 {[%clk 00:53:06]} {[%emt 00:28:27]} 16. Qe1 {[%clk 01:21:21]} {[%emt
00:05:29]} Be7 {[%clk 00:50:13]} {[%emt 00:03:24]} 17. Bf1 {[%clk 01:19:28]}
{[%emt 00:02:22]} Rh7 {[%clk 00:41:09]} {[%emt 00:09:35]} 18. a3 {[%clk
01:11:06]} {[%emt 00:08:52]} Bc8 {[%clk 00:40:32]} {[%emt 00:01:08]} 19. Ne2
{[%clk 01:06:37]} {[%emt 00:04:58]} Rh5 {[%clk 00:39:10]} {[%emt 00:01:52]} 20.
Rc3 {[%clk 00:49:38]} {[%emt 00:17:29]} f5 {[%clk 00:33:08]} {[%emt 00:06:32]}
21. exf5 {[%clk 00:44:46]} {[%emt 00:05:22]} e5 {[%clk 00:32:55]} {[%emt
00:00:43]} 22. fxe5 {[%clk 00:40:58]} {[%emt 00:04:18]} dxe5 {[%clk 00:33:22]}
{[%emt 00:00:04]} 23. Rxd8 {[%clk 00:39:31]} {[%emt 00:01:56]} Bxd8 {[%clk
00:32:49]} {[%emt 00:01:03]} 24. g4 {[%clk 00:39:51]} {[%emt 00:00:09]} hxg3
{[%clk 00:32:52]} {[%emt 00:00:28]} 25. Nxg3 {[%clk 00:40:16]} {[%emt
00:00:04]} Rxh2 {[%clk 00:32:06]} {[%emt 00:01:17]} 26. Bd3 {[%clk 00:39:55]}
{[%emt 00:00:50]} Qb6 {[%clk 00:21:28]} {[%emt 00:11:08]} 27. Nc5 {[%clk
00:37:21]} {[%emt 00:03:05]} Bh4 {[%clk 00:14:10]} {[%emt 00:07:48]} 28. Qg1
{[%clk 00:36:51]} {[%emt 00:00:59]} Bxg3 {[%clk 00:14:02]} {[%emt 00:00:38]} 29.
Nd7+ {[%clk 00:37:05]} {[%emt 00:00:16]} Bxd7 {[%clk 00:14:27]} {[%emt
00:00:05]} 30. Qxb6 {[%clk 00:37:29]} {[%emt 00:00:06]} Bf2 {[%clk 00:11:10]}
{[%emt 00:03:47]} 31. Qb3 {[%clk 00:36:17]} {[%emt 00:01:42]} Bd4 {[%clk
00:06:14]} {[%emt 00:05:27]} 32. Qxf7 {[%clk 00:35:46]} {[%emt 00:01:00]} Kc7
{[%clk 00:05:17]} {[%emt 00:01:27]} 33. Rxc6+ {[%clk 00:30:50]} {[%emt
00:05:26]} bxc6 {[%clk 00:04:55]} {[%emt 00:00:53]} 34. Bxa6 {[%clk 00:31:12]}
{[%emt 00:00:08]} e4 {[%clk 00:04:09]} {[%emt 00:01:16]} 35. Bc4 {[%clk
00:23:58]} {[%emt 00:07:44]} e3 {[%clk 00:01:03]} {[%emt 00:03:36]} 36. Be6
{[%clk 00:24:23]} {[%emt 00:00:04]} Rh1+ {[%clk 00:01:22]} {[%emt 00:00:12]} 37.
Ka2 {[%clk 00:24:47]} {[%emt 00:00:07]} e2 {[%clk 00:01:51]} {[%emt 00:00:01]}
38. Qxd7+ {[%clk 00:25:07]} {[%emt 00:00:10]} Kb6 {[%clk 00:01:51]} {[%emt
00:00:31]} 39. Qxd4+ {[%clk 00:25:32]} {[%emt 00:00:04]} Kb7 {[%clk 00:01:36]}
{[%emt 00:00:44]} 40. Qd7+ {[%clk 00:23:33]} {[%emt 00:02:28]} Kb6 {[%clk
00:01:56]} {[%emt 00:00:10]} 41. Qd8+ {[%clk 00:23:58]} {[%emt 00:00:05]}  1-0

[Event "1st 4NCL Easter Congress"]
[Site "Stevenage"]
[Date "2019.04.21"]
[Round "5"]
[Board "5"]
[White "Verma, Aditya"]
[Black "Walker, Martin G"]
[Result "0-1"]
[WhiteElo "2071"]
[BlackElo "2166"]
[PlyCount "0"]
[EventDate "2019.04.19"]
[EventRounds "7"]
[EventCountry "ENG"]

1. e4 {[%clk 01:30:55]} {[%emt 00:00:04]} Nf6 {[%clk 01:30:56]} {[%emt
00:00:05]} 2. e5 {[%clk 01:31:19]} {[%emt 00:00:07]} Nd5 {[%clk 01:31:22]}
{[%emt 00:00:04]} 3. Nc3 {[%clk 01:31:43]} {[%emt 00:00:06]} Nxc3 {[%clk
01:31:43]} {[%emt 00:00:09]} 4. dxc3 {[%clk 01:32:08]} {[%emt 00:00:04]} g6
{[%clk 01:31:09]} {[%emt 00:01:04]} 5. Nf3 {[%clk 01:28:58]} {[%emt 00:03:40]}
Bg7 {[%clk 01:31:32]} {[%emt 00:00:07]} 6. Bf4 {[%clk 01:26:35]} {[%emt
00:02:53]} d6 {[%clk 01:27:22]} {[%emt 00:04:40]} 7. Bc4 {[%clk 01:22:58]}
{[%emt 00:04:07]} O-O {[%clk 01:27:46]} {[%emt 00:00:06]} 8. Qe2 {[%clk
01:21:54]} {[%emt 00:01:33]} d5 {[%clk 01:20:55]} {[%emt 00:07:22]} 9. Bd3
{[%clk 01:20:55]} {[%emt 00:01:29]} c5 {[%clk 01:20:35]} {[%emt 00:00:50]} 10.
Qd2 {[%clk 01:12:15]} {[%emt 00:09:09]} Nc6 {[%clk 01:19:08]} {[%emt 00:01:57]}
11. O-O-O {[%clk 01:10:34]} {[%emt 00:02:11]} Qa5 {[%clk 01:18:53]} {[%emt
00:00:45]} 12. Kb1 {[%clk 01:10:14]} {[%emt 00:00:50]} Bg4 {[%clk 01:18:10]}
{[%emt 00:01:13]} 13. Be2 {[%clk 01:09:16]} {[%emt 00:01:28]} Rfd8 {[%clk
01:11:18]} {[%emt 00:07:23]} 14. Qe3 {[%clk 01:02:13]} {[%emt 00:07:32]} Qa4
{[%clk 00:46:06]} {[%emt 00:25:43]} 15. Bh6 {[%clk 00:46:22]} {[%emt 00:16:21]}
d4 {[%clk 00:29:22]} {[%emt 00:17:15]} 16. Qf4 {[%clk 00:45:54]} {[%emt
00:00:56]} Bxf3 {[%clk 00:29:46]} {[%emt 00:00:07]} 17. Bxg7 {[%clk 00:36:44]}
{[%emt 00:09:40]} Bxe2 {[%clk 00:28:10]} {[%emt 00:02:06]} 18. Qh6 {[%clk
00:36:57]} {[%emt 00:00:16]} f6 {[%clk 00:23:46]} {[%emt 00:04:55]} 19. exf6
{[%clk 00:31:49]} {[%emt 00:05:39]} Bxd1 {[%clk 00:21:29]} {[%emt 00:02:47]} 20.
Bf8 {[%clk 00:22:36]} {[%emt 00:09:43]} Qxc2+ {[%clk 00:21:40]} {[%emt
00:00:19]} 21. Ka1 {[%clk 00:23:04]} {[%emt 00:00:03]} Kf7 {[%clk 00:22:02]}
{[%emt 00:00:08]} 22. Bxe7 {[%clk 00:21:11]} {[%emt 00:02:23]} Nxe7 {[%clk
00:14:54]} {[%emt 00:07:38]} 23. Qg7+ {[%clk 00:21:10]} {[%emt 00:00:31]} Ke6
{[%clk 00:15:18]} {[%emt 00:00:05]} 24. Qxe7+ {[%clk 00:21:36]} {[%emt
00:00:04]} Kf5 {[%clk 00:14:41]} {[%emt 00:01:08]} 25. g4+ {[%clk 00:21:31]}
{[%emt 00:00:35]} Kxg4 {[%clk 00:10:23]} {[%emt 00:04:47]} 26. Rg1+ {[%clk
00:21:42]} {[%emt 00:00:18]} Kh3 {[%clk 00:10:08]} {[%emt 00:00:46]} 27. Qxh7+
{[%clk 00:21:20]} {[%emt 00:00:51]} Bh5 {[%clk 00:10:34]} {[%emt 00:00:05]} 28.
Qh6 {[%clk 00:15:40]} {[%emt 00:06:10]} Kxh2 {[%clk 00:08:51]} {[%emt
00:02:13]} 29. Qg5 {[%clk 00:15:11]} {[%emt 00:00:59]} Qxf2 {[%clk 00:09:15]}
{[%emt 00:00:06]} 30. Rb1 {[%clk 00:15:04]} {[%emt 00:00:37]} Re8 {[%clk
00:06:04]} {[%emt 00:03:41]} 31. Qxc5 {[%clk 00:14:25]} {[%emt 00:01:09]} Re1
{[%clk 00:06:11]} {[%emt 00:00:22]} 32. Qd6+ {[%clk 00:14:46]} {[%emt
00:00:08]} Qg3 {[%clk 00:05:58]} {[%emt 00:00:57]}  0-1